Guillermo Jorge Manuel José (Record no. 645)

MARC details
000 -LEADER
campo de control de longitud fija 01885nam a22003857a 4500
003 - IDENTIFICADOR DE NÚMERO DE CONTROL
campo de control CO-BoRNBP
005 - FECHA Y HORA DE LA ÚLTIMA TRANSACCIÓN
campo de control 20231018161002.0
008 - DATOS DE LONGITUD FIJA--INFORMACIÓN GENERAL
campo de control de longitud fija 141006b2012 ve a|||g|||| 00| 01sspad
020 ## - NÚMERO INTERNACIONAL ESTÁNDAR DEL LIBRO
Número Internacional Estándar del Libro 9789588445694
020 ## - NÚMERO INTERNACIONAL ESTÁNDAR DEL LIBRO
Número Internacional Estándar del Libro 9802570516
040 ## - FUENTE DE CATALOGACIÓN
Centro catalogador/agencia de origen CO-BoRNBP
Lengua de catalogación spa
Normas de descripción rda
Centro/agencia transcriptor CO-BoRNBP
082 04 - NÚMERO DE LA CLASIFICACIÓN DECIMAL DEWEY
Número de edición 22
Número de clasificación (i) 808.068543 F793g
100 1# - ENTRADA PRINCIPAL--NOMBRE DE PERSONA
Nombre de persona Fox, Mem
Fechas asociadas al nombre 1946-
9 (RLIN) 5212
245 10 - MENCIÓN DEL TÍTULO
Título Guillermo Jorge Manuel José
Mención de responsabilidad, etc. Mem Fox ; ilustrado por Julie Vivas ; traducción de Gabriela Uribe
250 ## - MENCION DE EDICION
Mención de edición Edición especial para el Ministerio de Cultura
264 ## - PRODUCCIÓN, PUBLICACIÓN, DISTRIBUCIÓN, FABRICACIÓN Y COPYRIGHT
Producción, publicación, distribución, fabricación y copyright Caracas
-- Bogotá
Nombre del de productor, editor, distribuidor, fabricante Ekaré
Fecha de producción, publicación, distribución, fabricación o copyright 2012
300 ## - DESCRIPCIÓN FÍSICA
Extensión [32] páginas sin numerar
Otras características físicas ilustraciones a color
Dimensiones 21 cm
336 ## - TIPO DE CONTENIDO
Término de tipo de contenido texto
Código de tipo de contenido txt
Fuente rdacontent
337 ## - TIPO DE MEDIO
Nombre/término del tipo de medio sin mediación
Código del tipo de medio n
Fuente rdamedia
338 ## - TIPO DE SOPORTE
Nombre/término del tipo de soporte volumen
Código del tipo de soporte nc
Fuente rdacarrier
490 ## - MENCIÓN DE SERIE
Mención de serie Leer es mi cuento
500 ## - NOTA GENERAL
Nota general Incluye datos biográficos del autor y de la ilustradora
520 ## - RESUMEN, ETC.
Sumario, etc. Había una vez un niño llamado Guillermo Jorge Manuel José. Su casa quedaba al lado de un hogar para ancianos y conocía a todos los que allí vivían. Cuando descubre que la señorita Ana Josefina Rosa Isabel ha perdido la memoria, el niño emprende una búsqueda para recuperar los recuerdos de su amiga
521 ## - NOTA DE PÚBLICO DESTINATARIO
Nota de público destinatario Recomendado para niños desde los 6 años
534 ## - NOTA SOBRE LA VERSIÓN ORIGINAL
Mención de título del original Wilfrid Gordon McDonald Partridge
650 14 - PUNTO DE ACCESO ADICIONAL DE MATERIA--TÉRMINO DE MATERIA
Fuente del encabezamiento o término LEMB
Término de materia o nombre geográfico como elemento de entrada Cuentos infantiles australianos
Subdivisión cronológica Siglo XX
9 (RLIN) 23651
650 14 - PUNTO DE ACCESO ADICIONAL DE MATERIA--TÉRMINO DE MATERIA
Fuente del encabezamiento o término LEMB
Término de materia o nombre geográfico como elemento de entrada Literatura infantil australiana
Subdivisión cronológica Siglo XX
9 (RLIN) 10626
650 14 - PUNTO DE ACCESO ADICIONAL DE MATERIA--TÉRMINO DE MATERIA
Fuente del encabezamiento o término LEMB
Término de materia o nombre geográfico como elemento de entrada Niños en la literatura
9 (RLIN) 504
650 14 - PUNTO DE ACCESO ADICIONAL DE MATERIA--TÉRMINO DE MATERIA
Fuente del encabezamiento o término LEMB
Término de materia o nombre geográfico como elemento de entrada Amistad en la literatura
9 (RLIN) 497
650 14 - PUNTO DE ACCESO ADICIONAL DE MATERIA--TÉRMINO DE MATERIA
Fuente del encabezamiento o término LEMB
Término de materia o nombre geográfico como elemento de entrada Ancianos en la literatura
9 (RLIN) 16390
700 1# - ENTRADA AGREGADA--NOMBRE PERSONAL
Nombre de persona Vivas, Julie
Término indicativo de función/relación ilustrador
9 (RLIN) 89397
700 1# - ENTRADA AGREGADA--NOMBRE PERSONAL
Nombre de persona Uribe, Gabriela
Término indicativo de función/relación traductor
9 (RLIN) 89398
830 ## - PUNTO DE ACCESO ADICIONAL DE SERIE-TÍTULO UNIFORME
Título uniforme Colección para la Primera Infancia del Ministerio de Cultura, Plan Nacional de Lectura y Escritura Leer es mi cuento, Primera Infancia 2012
9 (RLIN) 89399
942 ## - ELEMENTOS DE ENTRADA SECUNDARIOS (KOHA)
Fuente del sistema de clasificación o colocación Clasificación Decimal Dewey
Tipo de ítem Koha Libros
Holdings
Estatus retirado Estado de pérdida Fuente del sistema de clasificación o colocación Estado de daño No para préstamo Biblioteca de origen Biblioteca actual Fecha de adquisición Total de préstamos Signatura topográfica completa Código de barras Visto por última vez Fecha del último préstamo Copia número Precio de reemplazo Tipo de ítem Koha
    Clasificación Decimal Dewey     BIBLIOTECA PÚBLICA MUNICIPAL RAMON CORREA MEJIA BIBLIOTECA PÚBLICA MUNICIPAL RAMON CORREA MEJIA 18/10/2023 1 (i) 808.068543 F793g 28673 13/05/2025 28/04/2025 Ej.1 18/10/2023 Libros
    Clasificación Decimal Dewey     BIBLIOTECA PÚBLICA MUNICIPAL RAMON CORREA MEJIA BIBLIOTECA PÚBLICA MUNICIPAL RAMON CORREA MEJIA 18/10/2023 1 (i) 808.068543 F793g 38245 10/11/2025 28/10/2025 Ej.2 18/10/2023 Libros
    Clasificación Decimal Dewey     BIBLIOTECA PÚBLICA MUNICIPAL RAMON CORREA MEJIA BIBLIOTECA PÚBLICA MUNICIPAL RAMON CORREA MEJIA 18/10/2023   (i) 808.068543 F793g 38246 18/10/2023   Ej.3 18/10/2023 Libros
    Clasificación Decimal Dewey     BIBLIOTECA PÚBLICA MUNICIPAL RAMON CORREA MEJIA BIBLIOTECA PÚBLICA MUNICIPAL RAMON CORREA MEJIA 18/10/2023   (i) 808.068543 F793g 44559 18/10/2023   Ej.4 18/10/2023 Libros

Powered by Koha